LIBRARY & INFORMATION CENTRE, KCAET, TAVANUR

ONLINE PUBLIC ACCESS CATALOGUE (OPAC)

Normal view MARC view
  • ASWIN, DILEEPKUMAR

Entry Personal Name

Number of records used in: 1

001 - CONTROL NUMBER

  • control field: 5347

003 - CONTROL NUMBER IDENTIFIER

  • control field: OSt

005 - DATE AND TIME OF LATEST TRANSACTION

  • control field: 20221202114042.0

008 - FIXED-LENGTH DATA ELEMENTS

  • fixed length control field: 221202|| aca||aabn | a|a d

040 ## - CATALOGING SOURCE

  • Original cataloging agency: OSt
  • Transcribing agency: OSt

100 ## - HEADING--PERSONAL NAME

  • Personal name: ASWIN, DILEEPKUMAR
  • Personal name: MOHAMMED THASREEF, P. K
  • Personal name: FATHIMA THANSEEKA, K
  • Personal name: HANNA, K
  • Personal name: SUDHAKAR, GUPTA

670 ## - SOURCE DATA FOUND

  • Source citation: Work cat.: (OSt)17603: ASWIN, DILEEPKUMAR MOHAMMED THASREEF, P. K FATHIMA THANSEEKA, K HANNA, K SUDHAKAR, GUPTA, EVALUATION OF OHMIC HEATING SYSTEM FOR PRESERVATION OF PASSION FRUIT PULP, 2022
free website counter